000
00295nam a22001337a 4500
008
260311b ||||| |||| 00| 0 eng d
020
_a
9789951802154
041
_a
eng
080
_a
008.1
100
_a
20
101
_a
mek
245
_a
Metal Clouds Float Quietly
_c
Grotesk
942
_2
udc
_c
BK
999
_c
60881
_d
60881